Géographie : 2 en 1 - Statistiques

Statistiques générales
  • Ce quiz a été pris 91 fois
  • Le résultat moyen est 4 sur 15
Statistiques - réponses
Question Réponse % Correct
Capitale de cet état américain ou capitale de ce pays caucasien Atlanta / Tbilissi
68%
Capitale africaine au nom anglais qui une fois traduite donne une autre capitale africaine Freetown / Libreville
57%
Drapeaux très proches avec bandes horizontales #2 orange blanc vert Inde / Niger
43%
Drapeaux très proches avec bandes horizontales #1 Monaco / Indonésie
41%
Trouve les 2 pays dont les villes comblent les trous dans la phrase "il faut éviter de manger trop gras, trop ..... trop .... Bolivie / Maroc
37%
Drapeaux très proches avec bandes verticales Tchad / Roumanie
35%
Ces 2 pays ont la même capitale à une lettre près Jamaïque / Saint-Vincent-et-les-Grenadines
29%
2 pays du continent américain dont la ville du même nom est parmi les plus peuplées Etats-Unis / Chili
24%
Trouver le pays dont la capitale est en Afrique et aussi au nord d'un pays du Moyen-Orient Liban / Libye
22%
2 pays européens l'un a un grand fleuve, l'autre une île, tout les deux au même nom Allemagne / Italie
15%
Départements français ayant le même nom en plus grande ville Seine-Saint-Denis / Réunion
14%
2 pays frontaliers ayant un même nom de ville séparée d'environ 1700 km Inde / Pakistan
5%
Plus grande île de ce pays / pays de cette ville européenne du même nom peuplée de 9 483 habitants en 2021 Philippines / France
4%
La capitale de ce comté britannique et la même que cette dépendance britannique Devon / Montserrat
1%
Grande ville sur la méditerranée ou capitale de l'état de Carabobo Espagne / Venezuela
1%
Aucun quiz correspondant
Distribution des résultats
% des personnes avec chaque résultat
Percentile par nombre de réponses
Votre historique - résultats
Vous n’avez pas pris ce quiz